| 000 | 00657nam a22002057a 4500 | ||
|---|---|---|---|
| 005 | 20251108172526.0 | ||
| 008 | 250721s9999 xx 000 0 ara d | ||
| 082 | 1 | 4 | _a346.072طلب |
| 100 | 1 | _aطلبه، أنور | |
| 245 | 1 | 0 | _aنماذج العقود و التصرفات القانونية : نماذج لكافة عقود البيع / |
| 264 | 1 |
_aالإسكندرية : _bالمكتب الجامعي الحديث، |
|
| 300 | _a923ص | ||
| 650 | 1 | 7 | _aالقانون التجاري |
| 650 | 1 | 7 | _aالبيوع |
| 650 | 1 | 7 | _aالعقود |
| 650 | 1 | 7 | _aالإيجار |
| 650 | 1 | 7 | _aقانونالشركات |
| 942 |
_2ddc _cBK |
||
| 999 |
_c81584 _d81584 |
||